00718nam a2200193 a 450000100100000000500170001000800410002702000150006804000250008310000290010824000330013724500910017026000480026130000210030959000260033070000400035695201110039699900170050700004005020201002033904.0130805s1985 sp 000 0 spa d a8401803225 aDO-SdBNPbspacBNPHU1 aBuscaglia, Leo F.95070510aLoving each otherlEspañol10aAmandonos los unos a los otros /cLeo F. Buscaglia ; traducción Ana M. de la Fuente. aBarcelona :bPlaza & Janes Editores,c1985. a188 p. ;c22 cm. aInventariado, 2019/VM1 aFuente, Ana M. de la,etrad.913413 001054708MOaGRbGRcHDd2013-08-05iLF1l0o p40050-10r2020-06-25w2020-06-25y4ZPréstamo en sala c39540d39540